| 000 | 01286nam a2200265Ia 4500 | ||
|---|---|---|---|
| 003 | OSt | ||
| 005 | 20220923211642.0 | ||
| 006 | a|||||r|||| 00| 0 | ||
| 007 | ta | ||
| 008 | 220922b |||||||| |||| 00| 0 hin d | ||
| 024 | _a39,942 | ||
| 037 | _cTextual | ||
| 040 |
_aARTS _cARTS _bhin |
||
| 041 |
_2hin _ahin |
||
| 082 | _aO15:gx8,1, M6;1 (EPS)-;2 (TTPS) | ||
| 100 |
_aखण्डूड.ी, सत्यनारायणशास्त्री, संपा. _9161241 |
||
| 245 | 0 | _aकाव्यप्रकाशः श्री मम्मटभट्ट विरचितः, मकण् सत्यनारायणशास्त्री खण्डूड ी | |
| 246 | _aKāvyaprakāshah shrī mammaṭabhaṭṭa virachitah, makaṇ satyanārāyaṇashāstrī khaṇḍūḍa.ī | ||
| 260 |
_aवाराणसी _b कृष्णदास अकादमी _c1986 |
||
| 300 |
_a400पृ. _ccm. |
||
| 490 | _aकृष्णदास संस्कृत सीरीज | ||
| 650 |
_aहिन्दी साहित्य _9156264 |
||
| 942 |
_hO15:gx8,1, M6;1 (EPS)-;2 (TTPS) _cTEXL _2CC |
||
| 999 |
_c302185 _d302185 |
||